Spoločná mena prinesie Európe výhody i nevýhody

Zavedenie spoločnej meny euro od 1.1.1999. Najväčší význam pre EÚ bude podpora obchodu pri znížení obchodných bariér. Efektívnejšia alokácia zdrojov vytvorí komparatívne výhody. Ďalšou výhodou spoločnej meny je využitie ekonómie v rozsahu (economies of scale). Nevýhody, ktoré prinesie členským kraji...

ver descrição completa

Na minha lista:
Detalhes bibliográficos
Autor principal: Szovics, Peter
Formato: Capítulo de Livro
Idioma:eslovaco
Assuntos:
Tags: Adicionar Tag
Sem tags, seja o primeiro a adicionar uma tag!

MARC

LEADER 00000naa a2200000 4500
001 r033742
005 20230921102028.2
041 0 |a slo 
044 |a SK 
245 1 0 |a Spoločná mena prinesie Európe výhody i nevýhody  |c Peter Szovics 
520 |a Zavedenie spoločnej meny euro od 1.1.1999. Najväčší význam pre EÚ bude podpora obchodu pri znížení obchodných bariér. Efektívnejšia alokácia zdrojov vytvorí komparatívne výhody. Ďalšou výhodou spoločnej meny je využitie ekonómie v rozsahu (economies of scale). Nevýhody, ktoré prinesie členským krajinám politika EÚ. 
610 2 0 |a euro 
610 2 0 |a Európska únia 
610 2 0 |a bariéry obchodu zahraničného 
610 2 0 |a výhody komparatívne 
610 2 0 |a rast hospodársky 
610 2 0 |a inflácia 
610 2 0 |a zamestnanosť 
610 2 0 |a konkurencieschopnosť 
100 1 |a Szovics, Peter